Catálogo
 En Linea

El placer de lo nimio. / (Registro nro. 13530)

Detalles MARC
000 -CABECERA
campo de control de longitud fija 02010nam a2200229 a 4500
001 - NÚMERO DE CONTROL
campo de control 000013925
005 - FECHA Y HORA DE LA ÚLTIMA TRANSACCIÓN
campo de control 20240530073932.0
008 - DATOS DE LONGITUD FIJA--INFORMACIÓN GENERAL
campo de control de longitud fija 091202s2004 dr 000 e spa d
020 ## - NÚMERO INTERNACIONAL ESTÁNDAR DEL LIBRO
ISBN cancelado o inválido 9993432017
040 ## - FUENTE DE LA CATALOGACIÓN
Centro catalogador/agencia de origen DO-SdBNP
Lengua de catalogación spa
Centro/agencia transcriptor BNPHU
082 ## - NÚMERO DE LA CLASIFICACIÓN DECIMAL DEWEY
Número de clasificación RD864.44
Número de documento/Ítem M351p
049 ## - FONDOS LOCALES (OCLC)
Fondos de biblioteca BNPD
100 1# - ENTRADA PRINCIPAL--NOMBRE DE PERSONA
Nombre de persona Mármol, José,
Fechas asociadas al nombre 1960-
9 (RLIN) 6454
245 13 - MENCIÓN DE TÍTULO
Título El placer de lo nimio. /
Mención de responsabilidad, etc. José Mármol.
260 ## - PUBLICACIÓN, DISTRIBUCIÓN, ETC.
Lugar de publicación, distribución, etc. Santo Domingo :
Nombre del editor, distribuidor, etc. Letra gráfica,
Fecha de publicación, distribución, etc. 2004.
300 ## - DESCRIPCIÓN FÍSICA
Extensión 187 p. ;
Dimensiones 22 cm.
500 ## - NOTA GENERAL
Nota general Prólogo -- La poesía y yo: un arte poético medular -- Apuntes inconclusos sobre el amor -- El poeta contra un imperio -- Juan Bosch, cuentista (un resabio personal) -- Autoridad y razón -- Los poetas predilectos de un filósofo -- El bosque de los huesos -- El rumor de la luz -- Espíritu gregario y posmodernidad -- Los intelectuales ideológicos no están de moda -- La ironía perpetua -- Sortilegios del milenio -- Una confesión pagana -- Manuel, qué vivo estás ya muriendo -- Pensar a crédito -- Prognosis, premonición y comején -- El placer de lo nimio -- Epílogos al aire -- La Habana (elegante) -- Luichy Martínez Richiez: poeta del espacio y la materia -- Sentido del ritmo -- Marcio Veloz Maggiolo -- El poema vencidos de León Felipe -- Al filo de Andrés L. Mateo -- La visita de un poeta -- Poesía y tiempo -- La ciudad de los garajes cerrados -- Los paseantes posmodernos -- Las propuestas de Italo Calvino -- Platero y yo en brazos de un guloya -- Vamos a por ella -- La muerte de la poesía -- Futuro del capitalismo -- Bibliografía de la literatura dominicana -- Un libro llamado Virtudes Uribe -- Historia personal de algunas librerías -- Walking around ( contra la insensatez) -- Asalto a la literatura finisecular -- Un cuento infantil -- Carta prólogo -- Un libro singular.
650 #0 - PUNTO DE ACCESO ADICIONAL DE MATERIA--TÉRMINO DE MATERIA
Término de materia o nombre geográfico como elemento de entrada Ensayos dominicanos
9 (RLIN) 65
650 #4 - PUNTO DE ACCESO ADICIONAL DE MATERIA--TÉRMINO DE MATERIA
Término de materia o nombre geográfico como elemento de entrada Literatura dominicana
Subdivisión general Crítica e interpretación
9 (RLIN) 216
650 #4 - PUNTO DE ACCESO ADICIONAL DE MATERIA--TÉRMINO DE MATERIA
Término de materia o nombre geográfico como elemento de entrada Autores dominicanos
Subdivisión cronológica SIGLO XX
9 (RLIN) 18834
910 ## - DATOS DE OPCIÓN DEL USUARIO (OCLC)
Datos de opción del usuario Validado. Control de calidad BNPHU
Existencias
Estado de retiro Estado de pérdida Restricciones de uso No para préstamo Código de colección Localización permanente Ubicación/localización actual Ubicación en estantería Fecha de adquisición Número de inventario Total de préstamos Signatura topográfica completa Código de barras Fecha visto por última vez Número de copia Precio válido a partir de Tipo de ítem Koha
        Dominicana de Servicio General General Depósito 02.12.2009 LF1   RD864.44 M351p 13925-30 25.06.2020 e. 3 25.06.2020 Libro y Folleto Colección Dominicana de Servicio
        Dominicana de Servicio General General Depósito 02.12.2009 LF1   RD864.44 M351p 13925-40 25.06.2020 e. 4 25.06.2020 Libro y Folleto Colección Dominicana de Servicio
        Dominicana de Servicio General General Depósito 10.05.2013 LF1   RD864.44 M351p 13925-50 25.06.2020 e. 5 25.06.2020 Libro y Folleto Colección Dominicana de Servicio
      Excluido de préstamo Patrimonio Dominicano Patrimonio Dominicano Patrimonio Dominicano Depósito 02.12.2009 LF1   RD864.44 M351p 13925-10 25.06.2020   25.06.2020 Libro y Folleto Colección Patrimonio Dominicano
      Excluido de préstamo Patrimonio Dominicano Patrimonio Dominicano Patrimonio Dominicano Depósito 02.12.2009 LF1   RD864.44 M351p 13925-20 25.06.2020 e. 2 25.06.2020 Libro y Folleto Colección Patrimonio Dominicano

Con tecnología Koha